Поведение водомасляных эмульсий при пониженных температурах; Творчество юных - шаг в успешное будущее

Bibliografiske detaljer
Parent link:Творчество юных - шаг в успешное будущее.— 2016.— [С. 545-546]
Institution som forfatter: Национальный исследовательский Томский политехнический университет (ТПУ) Институт природных ресурсов (ИПР) Кафедра технологии органических веществ и полимерных материалов (ТОВПМ)
Andre forfattere: Фисенко Д. В. (научный руководитель), Филиппова М. Ю., Якимова В. А., Бондалетов В. Г. Владимир Григорьевич, Мананкова А. А. Анна Анатольевна
Summary:Заглавие с титульного экрана
Sprog:russisk
Udgivet: 2016
Serier:Переработка углеводородного сырья и получение нефтепродуктов для экстремальных условий Арктики
Fag:
Online adgang:http://earchive.tpu.ru/handle/11683/36801
Format: MixedMaterials Electronisk Book Chapter
KOHA link:https://koha.lib.tpu.ru/cgi-bin/koha/opac-detail.pl?biblionumber=622087

MARC

LEADER 00000naa2a2200000 4500
001 622087
005 20240118110420.0
035 |a (RuTPU)RU\TPU\conf\20739 
035 |a RU\TPU\conf\20731 
090 |a 622087 
100 |a 20170206d2016 k y0rusy50 ca 
101 0 |a rus 
102 |a RU 
105 |a y z 101zy 
135 |a drgn ---uucaa 
181 0 |a i  
182 0 |a b 
200 1 |a Поведение водомасляных эмульсий при пониженных температурах  |f Д. В. Фисенко [и др.]  |g науч. рук. В. Г. Бондалетов, А. А. Мананкова 
203 |a Текст  |c электронный 
225 1 |a Переработка углеводородного сырья и получение нефтепродуктов для экстремальных условий Арктики 
300 |a Заглавие с титульного экрана 
320 |a [Библиогр.: с. 546 (4 назв.)] 
463 1 |0 (RuTPU)RU\TPU\conf\20537  |t Творчество юных - шаг в успешное будущее  |o Арктика и её освоение  |o материалы IX Всероссийской научной молодежной конференции с международным участием с элементами научной школы имени профессора М.К. Коровина, г. Томск, 10-14 октября 2016 г.  |f Национальный исследовательский Томский политехнический университет (ТПУ) ; под ред. А. Ю. Дмитриева  |v [С. 545-546]  |d 2016 
610 1 |a труды учёных ТПУ 
610 1 |a электронные ресурсы 
610 1 |a водомасляные эмульсии 
610 1 |a нефтехимические объекты 
610 1 |a нефтяная промышленность 
610 1 |a переработка 
610 1 |a нефтеполимерные смолы 
701 1 |a Фисенко  |b Д. В. 
701 1 |a Филиппова  |b М. Ю. 
701 1 |a Якимова  |b В. А. 
701 1 |a Бондалетов  |b В. Г.  |c химик-технолог  |c профессор Томского политехнического университета, доктор технических наук  |f 1957-  |g Владимир Григорьевич  |3 (RuTPU)RU\TPU\pers\25605  |9 11534 
701 1 |a Мананкова  |b А. А.  |c химик-органик  |c доцент Томского политехнического университета, кандидат химических наук  |f 1980-  |g Анна Анатольевна  |3 (RuTPU)RU\TPU\pers\24984  |9 11130 
702 1 |a Бондалетов  |b В. Г.  |c химик-технолог  |c профессор Томского политехнического университета, доктор технических наук  |f 1957-  |g Владимир Григорьевич  |4 727 
702 1 |a Мананкова  |b А. А.  |c химик-органик  |c старший преподаватель Томского политехнического университета, кандидат химических наук  |f 1980-  |g Анна Анатольевна  |4 727 
712 0 2 |a Национальный исследовательский Томский политехнический университет (ТПУ)  |b Институт природных ресурсов (ИПР)  |b Кафедра технологии органических веществ и полимерных материалов (ТОВПМ)  |3 (RuTPU)RU\TPU\col\18659 
801 2 |a RU  |b 63413507  |c 20170213  |g RCR 
856 4 |u http://earchive.tpu.ru/handle/11683/36801 
942 |c BK